[Event "FSGM 2024.12"]
[Site "Budapest HUN"]
[Date "2024.12.11"]
[Round "5.4"]
[White "Sai, Krishna GV"]
[Black "Liu, Zexu"]
[Result "0-1"]
[WhiteElo "2409"]
[BlackElo "2350"]
[WhiteFideId "-1"]
[WhiteFideId "-1"]
[PlyCount "110"]
[GameId "2129405228284379"]
[EventDate "2024.12.07"]
[EventType "tourn"]
[EventRounds "9"]
[EventCountry "HUN"]
[EventCategory "6"]
[SourceTitle "10Days CBH #1-#780"]
[Source "ChessMix "]
[SourceDate "2024.12.20"]
[SourceVersion "1"]
[SourceVersionDate "2024.12.20"]
[SourceQuality "1"]

1. e4 e5 2. Nf3 Nc6 3. Bb5 a6 4. Ba4 Bc5 5. c3 Nge7 6. Nxe5 Nxe5 7. d4 Ba7 8. dxe5 Ng6 9. f4 Qh4+ 10. g3 Qh3 11. Qe2 O-O 12. Na3 d6 13. Bd1 Bd7 14. Nc2 dxe5 15. f5 Nf4 16. gxf4 Qh4+ 17. Kd2 Qxf4+ 18. Kd3 Rfd8 19. Nd4 Bb5+ 20. Kc2 exd4 21. Bxf4 d3+ 22. Kb3 dxe2 23. Bc2 Bf2 24. Bg3 Bxg3 25. hxg3 Rd2 26. Rae1 c5 27. c4 Bxc4+ 28. Kc3 Rad8 29. b3 Bb5 30. a4 Bc6 31. Rh2 Rxc2+ 32. Kxc2 Bxe4+ 33. Kc3 Bf3 34. a5 Kf8 35. Kc4 Rd1 36. Rexe2 Bxe2+ 37. Rxe2 Rc1+ 38. Kd5 Rc3 39. g4 Rxb3 40. Kxc5 h5 41. gxh5 Rb5+ 42. Kd6 Rxf5 43. Rc2 Kg8 44. Rc5 Rxc5 45. Kxc5 f5 46. Kd5 Kh7 47. Ke5 g6 48. hxg6+ Kxg6 49. Kd6 f4 50. Kc7 f3 51. Kxb7 f2 52. Kxa6 f1=Q+ 53. Kb6 Qf3 54. Ka7 Qc6 55. a6 Qb5 0-1

[Event "FSGM 2024.12"]
[Site "Budapest HUN"]
[Date "2024.12.12"]
[Round "6.3"]
[White "Szeberenyi, Adam"]
[Black "Sai, Krishna GV"]
[Result "1/2-1/2"]
[WhiteElo "2284"]
[BlackElo "2409"]
[WhiteFideId "-1"]
[WhiteFideId "-1"]
[PlyCount "53"]
[GameId "2129405228284383"]
[EventDate "2024.12.07"]
[EventType "tourn"]
[EventRounds "9"]
[EventCountry "HUN"]
[EventCategory "6"]
[SourceTitle "10Days CBH #1-#780"]
[Source "ChessMix "]
[SourceDate "2024.12.20"]
[SourceVersion "1"]
[SourceVersionDate "2024.12.20"]
[SourceQuality "1"]

1. d4 Nf6 2. c4 g6 3. Nc3 Bg7 4. e4 d6 5. Be2 O-O 6. Nf3 e5 7. O-O Nc6 8. d5 Ne7 9. b4 Nh5 10. Re1 f5 11. a4 h6 12. a5 Nf6 13. exf5 gxf5 14. Ra3 Ng6 15. a6 b6 16. Bf1 Rf7 17. c5 bxc5 18. bxc5 dxc5 19. Rxe5 Nxe5 20. Nxe5 Ne4 21. Nxf7 Qh4 22. h3 Qxf2+ 23. Kh1 Kxf7 24. Nb5 Qh4 25. g3 Nf2+ 26. Kg2 Nxd1 27. gxh4 1/2-1/2

[Event "FSGM 2024.12"]
[Site "Budapest HUN"]
[Date "2024.12.12"]
[Round "7.3"]
[White "Sai, Krishna GV"]
[Black "Neverov, Valeriy"]
[Result "1/2-1/2"]
[WhiteElo "2409"]
[BlackElo "2424"]
[WhiteFideId "-1"]
[WhiteFideId "-1"]
[PlyCount "71"]
[GameId "2129405228284387"]
[EventDate "2024.12.07"]
[EventType "tourn"]
[EventRounds "9"]
[EventCountry "HUN"]
[EventCategory "6"]
[SourceTitle "10Days CBH #1-#780"]
[Source "ChessMix "]
[SourceDate "2024.12.20"]
[SourceVersion "1"]
[SourceVersionDate "2024.12.20"]
[SourceQuality "1"]

1. e4 c5 2. Nf3 d6 3. d4 cxd4 4. Nxd4 Nf6 5. Nc3 Nc6 6. Bg5 e6 7. Qd2 a6 8. O-O-O Bd7 9. f3 h6 10. Be3 h5 11. Nxc6 Bxc6 12. Ne2 d5 13. e5 Nd7 14. f4 Nc5 15. Nd4 Bd7 16. Bd3 g6 17. g3 Nxd3+ 18. Qxd3 Qa5 19. Kb1 Bb5 20. Qd2 Qxd2 21. Rxd2 Rc8 22. Nf3 Bb4 23. Rf2 a5 24. h3 a4 25. a3 Be7 26. Rd1 Bc4 27. Bb6 Ra8 28. Bd4 Kd7 29. Bc3 Bc5 30. Bd4 Be7 31. Bc3 Bc5 32. Rh2 b6 33. Bb4 Kc6 34. Nd4+ Kb7 35. Nf3 Rac8 36. Bc3 1/2-1/2

[Event "FSGM 2024.12"]
[Site "Budapest HUN"]
[Date "2024.12.13"]
[Round "8.4"]
[White "Ravi, Teja S."]
[Black "Sai, Krishna GV"]
[Result "1/2-1/2"]
[WhiteElo "2404"]
[BlackElo "2409"]
[WhiteFideId "-1"]
[WhiteFideId "-1"]
[PlyCount "81"]
[GameId "2129405228284393"]
[EventDate "2024.12.07"]
[EventType "tourn"]
[EventRounds "9"]
[EventCountry "HUN"]
[EventCategory "6"]
[SourceTitle "10Days CBH #1-#780"]
[Source "ChessMix "]
[SourceDate "2024.12.20"]
[SourceVersion "1"]
[SourceVersionDate "2024.12.20"]
[SourceQuality "1"]

1. Nf3 Nf6 2. d4 g6 3. Nc3 d5 4. Bf4 Bg7 5. Nb5 Na6 6. e3 O-O 7. h3 Ne4 8. c3 c5 9. Be2 Bd7 10. a4 c4 11. O-O Bxb5 12. axb5 Nc7 13. Qc2 f5 14. Qa4 Ne6 15. h4 h6 16. Bh2 g5 17. Qc2 g4 18. Nd2 Nxd2 19. Qxd2 h5 20. b3 cxb3 21. Bf4 a5 22. bxa6 bxa6 23. Rfb1 Nxf4 24. exf4 e6 25. g3 Qb6 26. Bd1 a5 27. Rxb3 Qa7 28. Qe2 Kf7 29. Qb2 Rfb8 30. Ra4 Rxb3 31. Bxb3 Rb8 32. Qc2 Qb6 33. Ba2 Rb7 34. Kg2 Kg6 35. c4 Qxd4 36. cxd5 Rb2 37. Rxd4 Rxc2 38. Ra4 exd5 39. Rxa5 Bd4 40. Bxd5 Bxf2 41. Ra2 1/2-1/2

[Event "FSGM 2024.12"]
[Site "Budapest HUN"]
[Date "2024.12.14"]
[Round "9.2"]
[White "Sai, Krishna GV"]
[Black "Lee, Junhyeok"]
[Result "0-1"]
[WhiteElo "2409"]
[BlackElo "2426"]
[WhiteFideId "-1"]
[WhiteFideId "-1"]
[PlyCount "42"]
[GameId "2129405228284396"]
[EventDate "2024.12.07"]
[EventType "tourn"]
[EventRounds "9"]
[EventCountry "HUN"]
[EventCategory "6"]
[SourceTitle "10Days CBH #1-#780"]
[Source "ChessMix "]
[SourceDate "2024.12.20"]
[SourceVersion "1"]
[SourceVersionDate "2024.12.20"]
[SourceQuality "1"]

1. e4 c5 2. Nf3 Nc6 3. d4 cxd4 4. Nxd4 g6 5. Nc3 Bg7 6. Be3 Nf6 7. Bc4 O-O 8. Bb3 Qc7 9. f3 a6 10. Qd2 b5 11. O-O-O Na5 12. g4 Bb7 13. h4 b4 14. Na4 e5 15. Ne2 Nxb3+ 16. axb3 d5 17. g5 Nxe4 18. fxe4 d4 19. Bg1 Bxe4 20. Rh2 f5 21. gxf6 Bh6 0-1

[Event "Titled Tuesday 2024.09.24 Late"]
[Site "Chess.com INT"]
[Date "2024.09.24"]
[Round "1"]
[White "Sai, Krishna GV"]
[Black "Grave, Jacob Templen"]
[Result "1/2-1/2"]
[WhiteElo "2402"]
[BlackElo "2333"]
[WhiteFideId "-1"]
[WhiteFideId "-1"]
[PlyCount "125"]
[GameId "2107989761026147"]
[EventDate "2024.09.24"]
[EventType "swiss (blitz)"]
[EventRounds "11"]
[EventCountry "NET"]
[SourceTitle "EXT 2025"]
[Source "ChessBase"]
[SourceDate "2024.10.14"]
[SourceVersion "1"]
[SourceVersionDate "2024.10.14"]
[SourceQuality "1"]

1. Nf3 Nf6 2. b3 d5 3. c4 e6 4. Bb2 c6 5. d3 Nbd7 6. Nbd2 Be7 7. Qc2 O-O 8. g4 a5 9. g5 Ne8 10. h4 f6 11. Bh3 Nc5 12. d4 Na6 13. e4 Nb4 14. Qc3 fxg5 15. a3 Na6 16. O-O-O b5 17. c5 b4 18. Qe3 bxa3 19. Bxa3 gxh4 20. Ne5 Qc7 21. Rdg1 Bxc5 22. Bxc5 Nxc5 23. Qh6 Nxe4 24. Bxe6+ Bxe6 25. Qxe6+ Rf7 26. Nxe4 dxe4 27. Rxh4 Nf6 28. Rf4 Re8 29. Qxf7+ Qxf7 30. Nxf7 Kxf7 31. Rg5 Rd8 32. Rxa5 Rxd4 33. Ra7+ Kg6 34. Kc2 Rd5 35. Rh4 h6 36. Kc3 Rf5 37. Rh2 Ng4 38. Rg2 h5 39. Kd4 Rf4 40. Rc7 Kf6 41. Rxc6+ Kf5 42. Kd5 Rf3 43. b4 Rd3+ 44. Kc4 Ne5+ 45. Kb5 Nxc6 46. Kxc6 Rb3 47. b5 g5 48. b6 g4 49. b7 Kf4 50. Rg3 Rb2 51. Rc3 h4 52. Rc5 Rxb7 53. Kxb7 g3 54. fxg3+ hxg3 55. Kc6 g2 56. Rc1 Kf3 57. Kd5 e3 58. Kd4 e2 59. Kd3 Kf2 60. Kd2 g1=Q 61. Rxg1 Kxg1 62. Ke1 Kg2 63. Kxe2 1/2-1/2

[Event "Titled Tuesday 2024.09.24 Late"]
[Site "Chess.com INT"]
[Date "2024.09.24"]
[Round "2"]
[White "Jun, Rudolf Jr"]
[Black "Sai, Krishna GV"]
[Result "1-0"]
[WhiteElo "2186"]
[BlackElo "2402"]
[WhiteFideId "-1"]
[WhiteFideId "-1"]
[PlyCount "145"]
[GameId "2107989761030387"]
[EventDate "2024.09.24"]
[EventType "swiss (blitz)"]
[EventRounds "11"]
[EventCountry "NET"]
[SourceTitle "EXT 2025"]
[Source "ChessBase"]
[SourceDate "2024.10.14"]
[SourceVersion "1"]
[SourceVersionDate "2024.10.14"]
[SourceQuality "1"]

1. e4 c5 2. Nf3 d6 3. Bb5+ Bd7 4. Bxd7+ Nxd7 5. O-O Ngf6 6. Qe2 g6 7. c4 Bg7 8. Nc3 O-O 9. Rd1 Rc8 10. d3 a6 11. a4 b6 12. h3 Ne8 13. Bg5 h6 14. Be3 Nc7 15. Qd2 Kh7 16. h4 f5 17. h5 e5 18. hxg6+ Kxg6 19. exf5+ Rxf5 20. Ne4 Qe7 21. Ng3 Rf7 22. a5 b5 23. Nh2 d5 24. cxd5 Nxd5 25. Ng4 h5 26. Nh2 N7f6 27. Nf3 Ng4 28. Bg5 Qa7 29. Qe2 Ndf6 30. Nh4+ Kh7 31. Nhf5 Rcf8 32. Nxg7 Rxg7 33. Bxf6 Nxf6 34. Qxe5 h4 35. Nf5 Rg5 36. Qf4 Rfg8 37. Qxh4+ Kg6 38. Ng3 Qh7 39. Qxh7+ Nxh7 40. Re1 Kf7 41. Re3 Rd8 42. Rae1 Rd7 43. Ne4 Rgd5 44. Rf3+ Kg6 45. Rg3+ Kf5 46. Rf3+ Kg6 47. Rg3+ Kf5 48. f3 Rxd3 49. Nxc5 Rd1 50. Rxd1 Rxd1+ 51. Kh2 Rd2 52. Nxa6 Rxb2 53. Nc7 b4 54. Nd5 b3 55. Ne3+ Kf4 56. Nc4 Ra2 57. Rg4+ Kf5 58. Ne3+ Ke5 59. Rb4 Ra3 60. Nc4+ Kd5 61. Nxa3 Kc5 62. Rxb3 Ng5 63. Rb5+ Kd4 64. Rxg5 Ke3 65. a6 Kf2 66. a7 Kf1 67. a8=Q Kf2 68. Qa7+ Kf1 69. Qd4 Ke2 70. Qc3 Kd1 71. Qb2 Ke1 72. Re5+ Kf1 73. Qe2# 1-0

[Event "Titled Tuesday 2024.09.24 Late"]
[Site "Chess.com INT"]
[Date "2024.09.24"]
[Round "3"]
[White "Schulz, Karsten"]
[Black "Sai, Krishna GV"]
[Result "0-1"]
[WhiteElo "2166"]
[BlackElo "2402"]
[WhiteFideId "-1"]
[WhiteFideId "-1"]
[PlyCount "90"]
[GameId "2107989761042998"]
[EventDate "2024.09.24"]
[EventType "swiss (blitz)"]
[EventRounds "11"]
[EventCountry "NET"]
[SourceTitle "EXT 2025"]
[Source "ChessBase"]
[SourceDate "2024.10.14"]
[SourceVersion "1"]
[SourceVersionDate "2024.10.14"]
[SourceQuality "1"]

1. Nf3 g6 2. c4 Bg7 3. Nc3 e5 4. d3 Ne7 5. g3 c6 6. Bg2 d5 7. cxd5 cxd5 8. O-O O-O 9. Bg5 f6 10. Bd2 Nbc6 11. a3 Be6 12. b4 Qd7 13. Na4 b6 14. Rc1 Rac8 15. Nc3 h6 16. e3 f5 17. d4 e4 18. Ne5 Nxe5 19. dxe5 Bxe5 20. Ne2 Rxc1 21. Qxc1 Rc8 22. Qb1 Qa4 23. Rc1 Qxa3 24. Rxc8+ Nxc8 25. Qc2 Nd6 26. Nd4 Bxd4 27. exd4 Nc4 28. Bxh6 Qxb4 29. Qc1 a5 30. Qf4 Qd6 31. Qg5 Kf7 32. h4 a4 33. h5 gxh5 34. Qxh5+ Ke7 35. Bg7 a3 36. Qh8 Kf7 37. Qh7 Ke8 38. Bf6 a2 39. Qa7 Qa3 40. Qb8+ Kf7 41. Qh8 a1=Q+ 42. Kh2 Qf8 43. Qh4 Qg8 44. Bd8 Qg6 45. Qe7+ Kg8 0-1

[Event "Titled Tuesday 2024.09.24 Late"]
[Site "Chess.com INT"]
[Date "2024.09.24"]
[Round "4"]
[White "Sai, Krishna GV"]
[Black "Machidon, Cristi"]
[Result "0-1"]
[WhiteElo "2402"]
[BlackElo "2313"]
[WhiteFideId "-1"]
[WhiteFideId "-1"]
[PlyCount "76"]
[GameId "2107989761051400"]
[EventDate "2024.09.24"]
[EventType "swiss (blitz)"]
[EventRounds "11"]
[EventCountry "NET"]
[SourceTitle "EXT 2025"]
[Source "ChessBase"]
[SourceDate "2024.10.14"]
[SourceVersion "1"]
[SourceVersionDate "2024.10.14"]
[SourceQuality "1"]

1. e4 c6 2. d3 d5 3. Nd2 e5 4. Ngf3 Bd6 5. g3 Nf6 6. Bg2 O-O 7. O-O a5 8. Re1 Re8 9. Nh4 a4 10. Nf5 Bxf5 11. exf5 a3 12. b3 Na6 13. g4 Bb4 14. g5 Nd7 15. Qh5 Bc3 16. Rb1 g6 17. Qh6 Nb4 18. Re3 gxf5 19. Bh3 Re6 20. Qh4 Rg6 21. Nf3 f4 22. Re2 Nxa2 23. Bxd7 Nxc1 24. Rxc1 Qxd7 25. Nxe5 Bxe5 26. Rxe5 a2 27. Ree1 Qf5 28. Kh1 Rxg5 29. Ra1 Kg7 30. d4 h6 31. c3 Ra3 32. h3 Rxb3 33. Rxa2 Rxc3 34. Kh2 Rh5 35. Rg1+ Kh7 36. Qg4 Rcxh3+ 37. Kg2 Qxg4+ 38. Kf1 Rh1 0-1

[Event "Titled Tuesday 2024.09.24 Late"]
[Site "Chess.com INT"]
[Date "2024.09.24"]
[Round "5"]
[White "Shafer, Logan Clark"]
[Black "Sai, Krishna GV"]
[Result "0-1"]
[WhiteElo "2149"]
[BlackElo "2402"]
[WhiteFideId "-1"]
[WhiteFideId "-1"]
[PlyCount "236"]
[GameId "2107989761059793"]
[EventDate "2024.09.24"]
[EventType "swiss (blitz)"]
[EventRounds "11"]
[EventCountry "NET"]
[SourceTitle "EXT 2025"]
[Source "ChessBase"]
[SourceDate "2024.10.14"]
[SourceVersion "1"]
[SourceVersionDate "2024.10.14"]
[SourceQuality "1"]

1. e4 c5 2. Nc3 Nc6 3. Bb5 g6 4. Bxc6 bxc6 5. d3 Bg7 6. f4 Qa5 7. Bd2 Rb8 8. Rb1 d5 9. Nxd5 cxd5 10. Bxa5 Nf6 11. e5 Ng4 12. Bd2 d4 13. h3 Nh6 14. g4 f5 15. g5 Nf7 16. Nf3 Nd8 17. b4 Bb7 18. Kf2 c4 19. dxc4 Ne6 20. Kg3 h6 21. h4 Kf7 22. Qe2 Be4 23. Rb2 Rhd8 24. Re1 h5 25. Qf2 Bf8 26. c3 Nc5 27. e6+ Kg8 28. cxd4 Nd3 29. Qe3 Nxb2 30. Ne5 Bg7 31. Qc3 Nd3 32. Nxd3 Bxd4 33. Qb3 Bxd3 34. Be3 Be4 35. Bxd4 Rxd4 36. Re3 Rd2 37. c5 Rbd8 38. b5 R8d3 39. Rxd3 Rxd3+ 40. Qxd3 Bxd3 41. c6 Bxb5 42. c7 Ba6 43. Kf3 Bc8 44. Ke3 Bxe6 45. Kd4 Kf7 46. Kc5 Ke8 47. Kc6 Bc8 48. a4 e5 49. Kd5 exf4 50. Kd4 Kd7 51. Kd3 Kxc7 52. Ke2 Bb7 53. Kf2 Kb6 54. Ke2 Ka5 55. Kf2 Kxa4 56. Ke2 Kb4 57. Kf2 Kb5 58. Ke2 Kb6 59. Kf2 Kc7 60. Ke2 Kd7 61. Kf2 Kd6 62. Ke2 Kc6 63. Kf2 Kd5 64. Ke2 Ke4 65. Kf2 f3 66. Kg3 Ke3 67. Kh2 Kf4 68. Kh1 Kg4 69. Kh2 Kxh4 70. Kh1 a6 71. Kh2 a5 72. Kg1 Ba6 73. Kh2 Bb5 74. Kg1 Bc4 75. Kh2 Bd3 76. Kg1 Bc2 77. Kh2 Bb1 78. Kg1 Ba2 79. Kh2 Bf7 80. Kg1 Be8 81. Kh2 Kxg5 82. Kg1 Kg4 83. Kh2 f4 84. Kg1 Kf5 85. Kh2 g5 86. Kh1 g4 87. Kh2 h4 88. Kg1 a4 89. Kh2 a3 90. Kg1 a2 91. Kh2 a1=N 92. Kg1 Nb3 93. Kh2 Nc5 94. Kg1 Na6 95. Kh2 Nb8 96. Kg1 Bd7 97. Kh2 Ke4 98. Kg1 Ke3 99. Kh2 Ke2 100. Kh1 f2 101. Kh2 f1=N+ 102. Kg1 Ne3 103. Kh1 Nd5 104. Kg1 Nf6 105. Kh1 Ng8 106. Kg1 Bc8 107. Kh2 f3 108. Kg1 g3 109. Kh1 f2 110. Kg2 f1=B+ 111. Kg1 Bfh3 112. Kh1 Bhd7 113. Kg1 h3 114. Kh1 Kf3 115. Kg1 Kg4 116. Kh1 Bb5 117. Kg1 h2+ 118. Kh1 Bb7# 0-1

[Event "Titled Tuesday 2024.09.24 Late"]
[Site "Chess.com INT"]
[Date "2024.09.24"]
[Round "6"]
[White "Koziorowicz, Michal"]
[Black "Sai, Krishna GV"]
[Result "0-1"]
[WhiteElo "2289"]
[BlackElo "2402"]
[WhiteFideId "-1"]
[WhiteFideId "-1"]
[PlyCount "86"]
[GameId "2107989761064024"]
[EventDate "2024.09.24"]
[EventType "swiss (blitz)"]
[EventRounds "11"]
[EventCountry "NET"]
[SourceTitle "EXT 2025"]
[Source "ChessBase"]
[SourceDate "2024.10.14"]
[SourceVersion "1"]
[SourceVersionDate "2024.10.14"]
[SourceQuality "1"]

1. e4 c5 2. Nf3 d6 3. Bb5+ Bd7 4. Bxd7+ Nxd7 5. O-O g6 6. Re1 Bg7 7. c3 Ngf6 8. d4 O-O 9. Bg5 h6 10. Bh4 g5 11. Bg3 Qb6 12. Qd2 Nh5 13. Na3 Rac8 14. d5 Qa6 15. c4 Nxg3 16. hxg3 Ne5 17. Nxe5 Bxe5 18. Nb5 f5 19. f4 gxf4 20. gxf4 Bf6 21. e5 dxe5 22. fxe5 Bg5 23. Qe2 Qg6 24. Rad1 f4 25. Qf3 Bh4 26. Re4 Bg3 27. Nc3 Rf5 28. Ne2 Rcf8 29. Rd3 Rh5 30. d6 Bh2+ 31. Kf1 exd6 32. exd6 Rd8 33. Nc3 Bg3 34. Nd5 Rh1+ 35. Ke2 Qg7 36. Ne7+ Kh8 37. Rc3 Rxd6 38. Nd5 Rd8 39. Kd2 Bh4 40. Kc2 Rh2 41. Re2 Rg8 42. Nxf4 Bg5 43. Nd5 Bh4 0-1

[Event "Titled Tuesday 2024.09.24 Late"]
[Site "Chess.com INT"]
[Date "2024.09.24"]
[Round "7"]
[White "Sai, Krishna GV"]
[Black "Thorfinnsson, Bragi"]
[Result "1-0"]
[WhiteElo "2402"]
[BlackElo "2379"]
[WhiteFideId "-1"]
[WhiteFideId "-1"]
[PlyCount "109"]
[GameId "2107989761076529"]
[EventDate "2024.09.24"]
[EventType "swiss (blitz)"]
[EventRounds "11"]
[EventCountry "NET"]
[SourceTitle "EXT 2025"]
[Source "ChessBase"]
[SourceDate "2024.10.14"]
[SourceVersion "1"]
[SourceVersionDate "2024.10.14"]
[SourceQuality "1"]

1. e4 c5 2. Nf3 Nc6 3. Nc3 d6 4. Bb5 Bg4 5. O-O a6 6. Bxc6+ bxc6 7. Re1 e5 8. h3 Bh5 9. a4 Nf6 10. g4 Nxg4 11. hxg4 Bxg4 12. Re3 Qf6 13. Kg2 h5 14. Qh1 h4 15. Nh2 Bh5 16. Kf1 g5 17. Qg2 Rg8 18. Ng4 Qe6 19. f3 f5 20. exf5 Qxf5 21. Ne4 O-O-O 22. Nef6 Rh8 23. Nxh5 Rxh5 24. Qh3 Kc7 25. d3 Bg7 26. Kg2 Rf8 27. Bd2 Rhh8 28. Ba5+ Kd7 29. Nf2 Rf7 30. Ra3 Rb8 31. Rb3 Rxb3 32. cxb3 Ke6 33. b4 cxb4 34. Bxb4 Qxh3+ 35. Nxh3 Bh6 36. Re2 Rg7 37. Nf2 Rb7 38. Bc3 Kf5 39. Ng4 Bg7 40. Ne3+ Ke6 41. Nc4 Kd5 42. Re4 c5 43. Rg4 Bh6 44. Bd2 Rg7 45. b4 cxb4 46. Bxb4 Ke6 47. Bxd6 Rb7 48. Bxe5 Rb3 49. Re4 Kf5 50. Ne3+ Kg6 51. d4 Rb2+ 52. Kh3 Rf2 53. Kg4 Re2 54. Nf5 Rg2+ 55. Kh3 1-0

[Event "Titled Tuesday 2024.09.24 Late"]
[Site "Chess.com INT"]
[Date "2024.09.24"]
[Round "8"]
[White "Sai, Krishna GV"]
[Black "Spata, German"]
[Result "1-0"]
[WhiteElo "2402"]
[BlackElo "2399"]
[WhiteFideId "-1"]
[WhiteFideId "-1"]
[PlyCount "73"]
[GameId "2107989761084884"]
[EventDate "2024.09.24"]
[EventType "swiss (blitz)"]
[EventRounds "11"]
[EventCountry "NET"]
[SourceTitle "EXT 2025"]
[Source "ChessBase"]
[SourceDate "2024.10.14"]
[SourceVersion "1"]
[SourceVersionDate "2024.10.14"]
[SourceQuality "1"]

1. Nf3 Nf6 2. g3 g6 3. Bg2 Bg7 4. O-O O-O 5. d3 c5 6. e4 Nc6 7. Nh4 d5 8. c3 e5 9. Qc2 d4 10. Nd2 b6 11. a4 dxc3 12. bxc3 Ba6 13. Nc4 Na5 14. Rd1 Nxc4 15. dxc4 Qe7 16. Bf1 Nh5 17. Ng2 f5 18. Ne3 f4 19. Nd5 Qf7 20. a5 fxg3 21. hxg3 Nf6 22. axb6 Nxd5 23. cxd5 Bxf1 24. b7 Bh3 25. Kh2 Rab8 26. Kxh3 Rxb7 27. Be3 Qf3 28. d6 Rbf7 29. d7 Rd8 30. Rxa7 Qh5+ 31. Kg2 Qf3+ 32. Kg1 h5 33. Bg5 Bf6 34. Bxf6 Rxf6 35. Qd3 Qxd3 36. Rxd3 Rf7 37. Rd5 1-0

[Event "Titled Tuesday 2024.09.24 Late"]
[Site "Chess.com INT"]
[Date "2024.09.24"]
[Round "9"]
[White "Pranav, V."]
[Black "Sai, Krishna GV"]
[Result "1-0"]
[WhiteElo "2609"]
[BlackElo "2402"]
[WhiteFideId "-1"]
[WhiteFideId "-1"]
[PlyCount "83"]
[GameId "2107989761089116"]
[EventDate "2024.09.24"]
[EventType "swiss (blitz)"]
[EventRounds "11"]
[EventCountry "NET"]
[SourceTitle "EXT 2025"]
[Source "ChessBase"]
[SourceDate "2024.10.14"]
[SourceVersion "1"]
[SourceVersionDate "2024.10.14"]
[SourceQuality "1"]

1. e4 e5 2. Nf3 Nc6 3. Bb5 a6 4. Ba4 d6 5. d4 b5 6. Bb3 Nxd4 7. Nxd4 exd4 8. c3 d3 9. Qxd3 Nf6 10. c4 b4 11. O-O Be7 12. a3 Bb7 13. Re1 a5 14. Ba4+ Nd7 15. Qh3 c6 16. Bc2 Ne5 17. Nd2 Bg5 18. Nf1 Nxc4 19. Bb3 Bxc1 20. Raxc1 Ne5 21. f4 Ng6 22. axb4 Qb6+ 23. Kh1 Qxb4 24. Qg3 a4 25. Bc4 Ba6 26. Bxa6 Rxa6 27. f5 Ne5 28. Qxg7 Rf8 29. Rcd1 Qc5 30. Ne3 a3 31. b4 Qxb4 32. Rb1 Qxb1 33. Rxb1 a2 34. Ra1 Ke7 35. h3 Rb8 36. Kh2 Rb1 37. Nc2 Rb2 38. Qg5+ Kd7 39. Qc1 Rab6 40. Nd4 Nd3 41. Qc3 Nc5 42. Qa3 1-0

[Event "Titled Tuesday 2024.09.24 Late"]
[Site "Chess.com INT"]
[Date "2024.09.24"]
[Round "10"]
[White "Sai, Krishna GV"]
[Black "Vaganian, Rafael A"]
[Result "0-1"]
[WhiteElo "2402"]
[BlackElo "2449"]
[WhiteFideId "-1"]
[WhiteFideId "-1"]
[PlyCount "94"]
[GameId "2107989761097465"]
[EventDate "2024.09.24"]
[EventType "swiss (blitz)"]
[EventRounds "11"]
[EventCountry "NET"]
[SourceTitle "EXT 2025"]
[Source "ChessBase"]
[SourceDate "2024.10.14"]
[SourceVersion "1"]
[SourceVersionDate "2024.10.14"]
[SourceQuality "1"]

1. d4 e6 2. e4 d5 3. Nd2 c5 4. Ngf3 cxd4 5. Nxd4 Nc6 6. Bb5 Bd7 7. Bxc6 bxc6 8. O-O Ne7 9. c4 e5 10. N4f3 f6 11. exd5 cxd5 12. Re1 Bg4 13. h3 Bh5 14. Qa4+ Qd7 15. Qa5 Bf7 16. Rxe5 fxe5 17. Nxe5 Nc6 18. Nxd7 Nxa5 19. Ne5 Nxc4 20. Ndxc4 dxc4 21. Bf4 Bd5 22. Re1 O-O-O 23. Rc1 Bd6 24. Bg3 Rhe8 25. Nxc4 Bxc4 26. Rxc4+ Kb7 27. Rg4 Bxg3 28. Rxg3 g6 29. Rb3+ Kc6 30. Rc3+ Kd6 31. Ra3 Rd7 32. Kf1 Ke6 33. f4 Kf5 34. Kf2 Kxf4 35. Ra4+ Kf5 36. g4+ Kg5 37. Kg3 Rd3+ 38. Kf2 Rxh3 39. Rxa7 Rh2+ 40. Kf3 Rxb2 41. a4 Rf8+ 42. Kg3 Rb3+ 43. Kg2 Kxg4 44. Rxh7 Rc8 45. Rf7 Rc2+ 46. Rf2 Rxf2+ 47. Kxf2 Ra3 0-1

[Event "Titled Tuesday 2024.08.20 Late"]
[Site "Chess.com INT"]
[Date "2024.08.20"]
[Round "1"]
[White "Sai, Krishna GV"]
[Black "Fang, Elbert"]
[Result "1-0"]
[WhiteElo "2402"]
[BlackElo "2077"]
[WhiteFideId "-1"]
[WhiteFideId "-1"]
[PlyCount "95"]
[GameId "2107989758832540"]
[EventDate "2024.08.20"]
[EventType "swiss (blitz)"]
[EventRounds "11"]
[EventCountry "NET"]
[SourceTitle "EXT 2025"]
[Source "ChessBase"]
[SourceDate "2024.10.14"]
[SourceVersion "1"]
[SourceVersionDate "2024.10.14"]
[SourceQuality "1"]

1. g3 d5 2. Bg2 e5 3. c4 Ne7 4. cxd5 Nxd5 5. Nc3 Be6 6. Nf3 Nc6 7. O-O Nxc3 8. bxc3 Be7 9. d4 exd4 10. cxd4 O-O 11. e4 Bg4 12. Be3 Qc8 13. Qb3 Rd8 14. d5 Na5 15. Qc3 b6 16. Rac1 Qa6 17. Qxc7 Bd6 18. Qc3 Rac8 19. Qa1 Nc4 20. Qd4 b5 21. Bf4 Bc5 22. Qa1 Re8 23. e5 Qa3 24. Nd2 Nb2 25. Ne4 Nd3 26. Nxc5 Nxc1 27. Qxc1 Qxc5 28. Qxc5 Rxc5 29. d6 Rd8 30. h3 Be6 31. g4 f6 32. exf6 gxf6 33. Re1 Kf7 34. Bg3 Rd7 35. f4 Bxa2 36. f5 Bd5 37. Bf1 Bc4 38. Bg2 a5 39. Bf2 Rc8 40. Rd1 Rcd8 41. Bc5 a4 42. Bc6 Rc8 43. Bxd7 Rxc5 44. Be6+ Bxe6 45. fxe6+ Ke8 46. d7+ Kd8 47. e7+ Kxe7 48. d8=Q+ 1-0

[Event "Titled Tuesday 2024.08.20 Late"]
[Site "Chess.com INT"]
[Date "2024.08.20"]
[Round "2"]
[White "Herman, Daniel"]
[Black "Sai, Krishna GV"]
[Result "0-1"]
[WhiteElo "1925"]
[BlackElo "2402"]
[WhiteFideId "-1"]
[WhiteFideId "-1"]
[PlyCount "76"]
[GameId "2107989758832671"]
[EventDate "2024.08.20"]
[EventType "swiss (blitz)"]
[EventRounds "11"]
[EventCountry "NET"]
[SourceTitle "EXT 2025"]
[Source "ChessBase"]
[SourceDate "2024.10.14"]
[SourceVersion "1"]
[SourceVersionDate "2024.10.14"]
[SourceQuality "1"]

1. d4 g6 2. e4 Bg7 3. Nf3 d6 4. Bc4 Nd7 5. Bxf7+ Kf8 6. Bb3 Nh6 7. O-O c5 8. Ng5 Nf6 9. dxc5 Bg4 10. Qd3 dxc5 11. Qb5 Qb6 12. Qxb6 axb6 13. e5 Ne8 14. h3 Bf5 15. g4 Bc8 16. f4 b5 17. Bd5 Nc7 18. Be4 Nf7 19. Nxf7 Kxf7 20. Nc3 b4 21. Nd5 Nxd5 22. Bxd5+ Be6 23. Bxb7 Rxa2 24. Rxa2 Bxa2 25. b3 Rd8 26. Bb2 c4 27. e6+ Kg8 28. Bxg7 Kxg7 29. bxc4 Bxc4 30. Re1 Rd2 31. Be4 Bxe6 32. Bd3 Kf6 33. f5 gxf5 34. gxf5 Bxf5 35. Bxf5 Kxf5 36. Rxe7 Rxc2 37. Rxh7 b3 38. Rf7+ Kg6 0-1